000 00774nam a22002417i 4500
003 URS
005 20240710233548.0
008 240710b2018 ph ||||| |||| 00| 0 eng d
020 _a9789719809326
040 _beng
_erda
_cDLC
_aDLC
_dDLC
_dURS
050 _aDS668
_bT63 2018
082 _a959.9
_bT63 2018
100 _aTorres, Jose Victor.
_4author
245 _aBatis:
_bSources in Philippine History /
_cJose Victor Torres
264 1 _aQuezon City:
_bC&E Publishing , Incorporated,
_c[2018]
300 _aix, 231 pages:
_billustrations;
_c22 cm
336 _atext
_btxt
_2rdacontent
337 _aunmediated
_bn
_2rdamedia
338 _avolume
_bnc
_2rdacarrier
504 _aIncludes bibliography references and index.
650 0 _aHistory.
_zPhilippines.
942 _2ddc
_cF
999 _c8779
_d8779